000 00607nam a2200241Ia 4500
003 OSt
005 20221007063543.0
006 a|||||r|||| 00| 0
007 ta
008 221006b |||||||| |||| 00| 0 eng d
024 _a24,115
037 _cTextual
040 _aFLL
_cFLL
_beng
041 _2eng
_aeng
082 _aZ2:3, C4
100 _aChand Fateh
_9684461
245 0 _aIndian contract act
250 _a1st
260 _aCalcutta
_bD.E. Cran Denburgh India
_c1894
300 _axiv,1-309p
_ccm.
942 _hZ2:3, C4
_cTEXL
_2CC
999 _c1131520
_d1131520